| 000 | 00780nam a2200217Ia 4500 | ||
|---|---|---|---|
| 003 | GCL | ||
| 008 | 140319s9999 xx 000 0 ara d | ||
| 040 |
_aGCL / _cGCL |
||
| 082 | 0 | 4 |
_a355.1 _bو م |
| 100 | 1 | _aوكالة انباء نوفستى | |
| 245 | 1 | 0 |
_aالمحاربون السوفيت كيف يعيشون ويتعلمون / _cوكالة انباء نوفستى |
| 260 |
_a[S.N] : _bوكالة انباء نوفوستى ، _c1971 |
||
| 300 | _a117 ص | ||
| 490 |
_aالهيئة العامة للاستعلامات _v0 |
||
| 650 | 0 | 4 | _aالاتحاد السوفيتى |
| 650 | 0 | 4 | _aالجنود |
| 650 | 0 | 4 | _aالحياة العسكرية |
| 650 | 0 | 4 | _aالاتحاد السوفيتى - الجنود |
| 650 | 0 | 4 | _aالاتحاد الاوروبى |
| 942 |
_2ddc _cBK |
||
| 999 |
_c53241 _d53241 |
||